000
00471nam a2200145Ia 4500
008
151213s9999 xx 000 0 und d
100
_a
রশিদ করিম।
245
_a
আর এক দৃস্টি কোণ।
_c
রশিদ করিম।
260
_a
ঢাকা
_b
বাংলা একাডেমী।
_c
1989
300
_a
8785 p.
650
_a
Bangla
650
_a
উপন্যাস
700
_a
রশিদ করিম।
999
_c
4570
_d
4570